Statistics for 北京海淀区街道乡镇Beijing Haidian District

Click here to take the quiz!

General Stats

  • This quiz has been taken 76 times
  • The average score is 14 of 29

Answers on the Map

Answers color-coded by a green-red scale on the quiz's map according to % correct below.
 

Answer Stats

Answer% Correct
中关村街道
73%
清华园街道
71%
燕园街道
68%
学院路街道
68%
香山街道
68%
清河街道
65%
四季青镇
62%
上地街道
62%
温泉镇
62%
海淀街道
59%
万柳镇
59%
紫竹院街道
56%
西北旺镇
54%
北太平庄街道
52%
苏家坨镇
52%
西三旗街道
51%
马连洼街道
49%
北下关街道
46%
青龙桥街道
41%
东升镇
41%
万寿路街道
37%
花园路街道
35%
上庄镇
33%
甘家口街道
33%
永定路街道
29%
曙光街道
27%
八里庄街道
27%
田村路街道
25%
羊坊店街道
24%

Score Distribution

Percentile by Number Answered

Percent of People with Each Score

Your Score History

You have not taken this quiz